<?xml version="1.0" encoding="UTF-8"?>
<record
    xmlns:xsi="http://www.w3.org/2001/XMLSchema-instance"
    xsi:schemaLocation="http://www.loc.gov/MARC21/slim http://www.loc.gov/standards/marcxml/schema/MARC21slim.xsd"
    xmlns="http://www.loc.gov/MARC21/slim">

  <leader>01224cam a2200325Ma 4500</leader>
  <controlfield tag="001">12285259</controlfield>
  <controlfield tag="003">GBCCL</controlfield>
  <controlfield tag="005">20241126110432.0</controlfield>
  <controlfield tag="008">131009s2014    enk           000 0 eng d</controlfield>
  <datafield tag="015" ind1=" " ind2=" ">
    <subfield code="a">GBB3B1311</subfield>
    <subfield code="2">bnb</subfield>
  </datafield>
  <datafield tag="016" ind1="7" ind2=" ">
    <subfield code="a">016559715</subfield>
    <subfield code="2">Uk</subfield>
  </datafield>
  <datafield tag="035" ind1=" " ind2=" ">
    <subfield code="a">(OCoLC)ocn896868585</subfield>
  </datafield>
  <datafield tag="035" ind1=" " ind2=" ">
    <subfield code="a">12285259</subfield>
  </datafield>
  <datafield tag="040" ind1=" " ind2=" ">
    <subfield code="a">UKMGB</subfield>
    <subfield code="b">eng</subfield>
    <subfield code="c">UKMGB</subfield>
    <subfield code="d">OCLCO</subfield>
    <subfield code="d">CtY-D</subfield>
  </datafield>
  <datafield tag="082" ind1="0" ind2="4">
    <subfield code="a">305.89</subfield>
    <subfield code="2">23</subfield>
    <subfield code="b">HAO</subfield>
  </datafield>
  <datafield tag="100" ind1="1" ind2=" ">
    <subfield code="a">Haokip, Jangkholam.</subfield>
    <subfield code="9">5360</subfield>
  </datafield>
  <datafield tag="245" ind1="1" ind2="0">
    <subfield code="a">Colonisation, identity and search for peace :</subfield>
    <subfield code="b">a transcribed text of and preliminary comments on operations against Kuki tribes of Assam and Burma 1917-1919</subfield>
    <subfield code="c">Jangkholam Haokip.</subfield>
  </datafield>
  <datafield tag="264" ind1=" " ind2="1">
    <subfield code="a">Churachandpur :</subfield>
    <subfield code="b">Dr. Laljem Haokip,</subfield>
    <subfield code="c">2015.</subfield>
  </datafield>
  <datafield tag="300" ind1=" " ind2=" ">
    <subfield code="a">127 pages ;</subfield>
    <subfield code="c">23 cm</subfield>
  </datafield>
  <datafield tag="336" ind1=" " ind2=" ">
    <subfield code="a">text</subfield>
    <subfield code="2">rdacontent</subfield>
  </datafield>
  <datafield tag="337" ind1=" " ind2=" ">
    <subfield code="a">unmediated</subfield>
    <subfield code="2">rdamedia</subfield>
  </datafield>
  <datafield tag="338" ind1=" " ind2=" ">
    <subfield code="a">volume</subfield>
    <subfield code="2">rdacarrier</subfield>
  </datafield>
  <datafield tag="500" ind1=" " ind2=" ">
    <subfield code="a">A colonial document preserved at British library</subfield>
  </datafield>
  <datafield tag="650" ind1=" " ind2="0">
    <subfield code="a">Kuki (Indic people)</subfield>
    <subfield code="z">India</subfield>
    <subfield code="z">Assam</subfield>
    <subfield code="x">Ethnic identity.</subfield>
    <subfield code="9">5361</subfield>
  </datafield>
  <datafield tag="650" ind1=" " ind2="0">
    <subfield code="a">Kuki (Indic people)</subfield>
    <subfield code="z">India</subfield>
    <subfield code="z">Burma</subfield>
    <subfield code="x">Religion.</subfield>
    <subfield code="9">5362</subfield>
  </datafield>
  <datafield tag="650" ind1=" " ind2="0">
    <subfield code="a">Colonization</subfield>
    <subfield code="x">Religious aspects.</subfield>
    <subfield code="9">5363</subfield>
  </datafield>
  <datafield tag="650" ind1=" " ind2="0">
    <subfield code="a">Christianity and culture</subfield>
    <subfield code="z">India, Northeastern.</subfield>
    <subfield code="9">1830</subfield>
  </datafield>
  <datafield tag="651" ind1=" " ind2="0">
    <subfield code="a">India, Northeastern</subfield>
    <subfield code="x">Colonization.</subfield>
    <subfield code="9">5364</subfield>
  </datafield>
  <datafield tag="942" ind1=" " ind2=" ">
    <subfield code="2">ddc</subfield>
    <subfield code="c">BK</subfield>
    <subfield code="0">2</subfield>
  </datafield>
  <datafield tag="999" ind1=" " ind2=" ">
    <subfield code="c">2563</subfield>
    <subfield code="d">2563</subfield>
  </datafield>
  <datafield tag="952" ind1=" " ind2=" ">
    <subfield code="0">0</subfield>
    <subfield code="1">0</subfield>
    <subfield code="2">ddc</subfield>
    <subfield code="4">0</subfield>
    <subfield code="7">0</subfield>
    <subfield code="a">GBC</subfield>
    <subfield code="b">GBC</subfield>
    <subfield code="c">NE</subfield>
    <subfield code="d">2017-08-24</subfield>
    <subfield code="l">0</subfield>
    <subfield code="o">305.89 HAO</subfield>
    <subfield code="p">014487</subfield>
    <subfield code="r">2025-05-01 00:00:00</subfield>
    <subfield code="t">c.1</subfield>
    <subfield code="w">2017-08-24</subfield>
    <subfield code="y">BK</subfield>
  </datafield>
  <datafield tag="952" ind1=" " ind2=" ">
    <subfield code="0">0</subfield>
    <subfield code="1">0</subfield>
    <subfield code="2">ddc</subfield>
    <subfield code="4">0</subfield>
    <subfield code="7">0</subfield>
    <subfield code="a">GBC</subfield>
    <subfield code="b">GBC</subfield>
    <subfield code="c">NE</subfield>
    <subfield code="d">2017-08-24</subfield>
    <subfield code="l">2</subfield>
    <subfield code="o">305.89 HAO</subfield>
    <subfield code="p">014488</subfield>
    <subfield code="r">2026-02-19 14:35:58</subfield>
    <subfield code="s">2026-02-18</subfield>
    <subfield code="t">c.2</subfield>
    <subfield code="w">2017-08-24</subfield>
    <subfield code="y">BK</subfield>
  </datafield>
  <datafield tag="952" ind1=" " ind2=" ">
    <subfield code="0">0</subfield>
    <subfield code="1">0</subfield>
    <subfield code="2">ddc</subfield>
    <subfield code="4">0</subfield>
    <subfield code="7">0</subfield>
    <subfield code="a">GBC</subfield>
    <subfield code="b">GBC</subfield>
    <subfield code="c">NE</subfield>
    <subfield code="d">2017-08-24</subfield>
    <subfield code="l">1</subfield>
    <subfield code="o">305.89 HAO</subfield>
    <subfield code="p">014489</subfield>
    <subfield code="r">2025-05-01 00:00:00</subfield>
    <subfield code="s">2018-08-30</subfield>
    <subfield code="t">c.3</subfield>
    <subfield code="w">2017-08-24</subfield>
    <subfield code="y">BK</subfield>
  </datafield>
</record>
